Wszystkie ulice na Zagórzu - Sosnowiec - Statystyki

Ogólne statystyki
  • Ten quiz został rozwiązany 57 razy
    54 od ostatniego zresetowania
  • Średni wynik to 15 z 77
Statystyki odpowiedzi
Hint Odpowiedź % Poprawnych
Zagórze Północ Braci Mieroszewskich
75%
Zagórze Południe Braci Mieroszewskich
75%
Zagórze Północ Teofila Lenartowicza
65%
Zagórze Południe Teofila Lenartowicza
65%
Zagórze Południe Białostocka
63%
Zagórze Południe Bohaterów Monte Cassino
58%
Zagórze Południe Gwiezdna
55%
Zagórze Północ Piękna
55%
Zagórze Północ Romana Dmowskiego
53%
Zagórze Północ Dworska
48%
Zagórze Południe Kielecka
48%
Zagórze Południe 11 Listopada
43%
Zagórze Południe Aleja Ignacego Paderewskiego
43%
Zagórze Północ Karola Szymanowskiego
38%
Zagórze Południe Stefana Kisielewskiego
38%
Zagórze Północ Jana Długosza
35%
Zagórze Południe Koszalińska
35%
Zagórze Południe Lubelska
30%
Zagórze Południe Gen. Mariusza Zaruskiego
28%
Zagórze Południe Mielecka
28%
Zagórze Północ Bolesława Chrobrego
25%
Zagórze Północ Jana Dormana
25%
Zagórze Północ Kępa
25%
Zagórze Północ Ks. Jerzego Popiełuszki
25%
Zagórze Południe Łomżyńska
25%
Zagórze Północ Południowa
23%
Zagórze Południe Aleja ks. Franciszka Blachnickiego
20%
Zagórze Południe Marszałka Edwarda Rydza-Śmigłego
20%
Zagórze Południe Radomska
20%
Zagórze Północ Bolesława Krzywoustego
18%
Zagórze Północ Kamienna
18%
Zagórze Północ Kosynierów
18%
Zagórze Północ Kwiatowa
18%
Zagórze Południe Gen. Tadeusza Bora-Komorowskiego
15%
Zagórze Północ Piotra Kowalskiego
15%
Zagórze Północ Sezamkowa
15%
Zagórze Północ Szpitalna
15%
Zagórze Północ Władysława Jagiełły
15%
Zagórze Północ Braci Jędrzeja i Jana Śniadeckich
13%
Zagórze Północ Emilii Plater
13%
Zagórze Północ Joachima Lelewela
13%
Zagórze Południe Małe Zagórze
13%
Zagórze Północ Wiśniowa
13%
Zagórze Południe Zielonogórska
13%
Zagórze Południe Aleja Wolności
10%
Zagórze Północ Gen. Władysława Sikorskiego
10%
Zagórze Północ Leopolda Infelda
10%
Zagórze Północ Modrzewiowa
10%
Zagórze Północ Tomasza Zapały
10%
Zagórze Północ Aleja Zagłębia Dąbrowskiego
8%
Zagórze Północ Jerzego Bajana
8%
Zagórze Północ Marcina Kasprzaka
8%
Zagórze Północ Sokolska
8%
Zagórze Północ Stańczyka
8%
Zagórze Północ Błotna
5%
Zagórze Północ Braci Altman
5%
Zagórze Północ Jerzego Kukuczki
5%
Zagórze Północ Juliana Ursyna Niemcewicza
5%
Zagórze Północ Komuny Paryskiej
5%
Zagórze Północ Projektowa
5%
Zagórze Północ Adama Naruszewicza
3%
Zagórze Północ Braci Śliwów
3%
Zagórze Północ Franciszka Zabłockiego
3%
Zagórze Północ Ignacego Kalagi
3%
Zagórze Północ Józefowska
3%
Zagórze Północ Kazimierza Wielkiego
3%
Zagórze Północ Stefana Banacha
3%
Zagórze Północ Wiosny Ludów
3%
Zagórze Północ Żwirki i Wigury
3%
Zagórze Południe Aleksandra Malewicza
0%
Zagórze Północ Andrzeja Niemojewskiego
0%
Zagórze Północ Cienista
0%
Zagórze Północ Czereśniowa
0%
Zagórze Północ Edwarda Dembowskiego
0%
Zagórze Północ Górników
0%
Zagórze Południe Jana Makowskiego
0%
Zagórze Północ Mariana Kantora-Mirskiego
0%
Nie znaleziono quizów pasujących do podanych kryteriów
Rozkład punktacji
Procent ludzi z każdym wynikiem
Percentyl według liczby udzielonych odpowiedzi
Twoja historia wyników
Nie rozwiązałeś tego quizu od ostatniego zresetowania